| 000 | 00635nam a22001697a 4500 | ||
|---|---|---|---|
| 003 | PILC | ||
| 005 | 20150305141726.0 | ||
| 008 | 150305b xxu||||| |||| 00| 0 eng d | ||
| 050 |
_aBF 698.35.E54 _b.B352 2014 |
||
| 100 | _aBaustista, Lorebelle H. | ||
| 245 |
_aSelf-acceptance and emotional quotient of selected young mothers in the Haven for Women, Muntinlupa City / _cLorebelle H. Baustista |
||
| 260 |
_aLas PiƱas City, Philippines : _bSouthville International School and Colleges, _cc2014. |
||
| 300 |
_a110 pages : _billustrations ; _c28 cm. |
||
| 521 | _aPsychology | ||
| 650 | _aPersonality and occupation. | ||
| 942 |
_2lcc _cTH |
||
| 999 |
_c283730 _d283730 |
||